Normal view
MARC view
- Jalal Ad-Din Rumi ; Whinfield, E.H.
Entry Personal Name
001 - CONTROL NUMBER
- control field: 9923
003 - CONTROL NUMBER IDENTIFIER
- control field: NUST
005 - DATE AND TIME OF LATEST TRANSACTION
- control field: 20180124172513.0
008 - FIXED-LENGTH DATA ELEMENTS
- fixed length control field: 180124|| aca||aabn | a|a d
040 ## - CATALOGING SOURCE
- Original cataloging agency: NUST
- Transcribing agency: NUST
100 ## - HEADING--PERSONAL NAME
- Personal name: Jalal Ad-Din Rumi ; Whinfield, E.H.
670 ## - SOURCE DATA FOUND
- Source citation: Work cat.: (NUST)326389: Jalal Ad-Din Rumi ; Whinfield, E.H., Rumi; Works of the great philosopher, Poet and Mystic English, 2012
